| 000 | 00848cab a2200229 4500 | ||
|---|---|---|---|
| 001 | ABS68539 | ||
| 008 | 041213n2004 000 0 eng u | ||
| 035 | _a(Sirsi) u128281 | ||
| 100 | _aHolden, J. | ||
| 245 | _aGeospatial aspects of catchment hydrology: where water flows into mapping | ||
| 260 | _c2004 | ||
| 490 |
_aGeo Informatics _v7(7) October/November 2004, 22-25(3) |
||
| 520 | _aDescribes some basic principles of catchment hydrology and illustrates how determining spatial factors is fundamental for understanding how environmental change may impact on runoff production and resulting river flow. [Taken from journal abstract]. | ||
| 590 | _aABS | ||
| 650 | _aHYDROLOGY | ||
| 650 | _aMAPPING | ||
| 650 | _aWATER FLOW | ||
| 650 | _aDRAINAGE | ||
| 650 | _aRUN-OFF | ||
| 690 | _aGEOMATICS-HYDROGRAPHIC SURVEYING | ||
| 942 | _n0 | ||
| 999 |
_c74663 _d74663 |
||